| 000 | 00515nam a2200169Ia 4500 | ||
|---|---|---|---|
| 008 | 090201s9999 xx 000 0 und d | ||
| 010 | _aKPL-22052 | ||
| 040 | _bमराठी | ||
| 041 | _aमराठी | ||
| 082 |
_a14355 _b22052 |
||
| 100 | _aना. रा. शेंडे | ||
| 245 |
_aतांबडा दगड _cना. रा. शेंडे |
||
| 260 |
_c2004 _bसुनील प्रकाशन |
||
| 300 |
_a134 _bमोठा |
||
| 600 | _aतांबडा दगड | ||
| 942 | _cBOOK | ||
| 999 |
_c214541 _d214541 |
||